000 00709nam a2200241Ia 4500
003 OSt
005 20220926033943.0
006 a|||||r|||| 00| 0
007 ta
008 220923b |||||||| |||| 00| 0 eng d
037 _cGeneral Book
040 _aRTL
_cRTL
_beng
041 _2eng
_aeng
082 _aX61.59D.P, P5/UN
100 _aInternational Monetry Fund
_9339851
245 0 _aAdopting the euro in central Europe
_b Challenges of
260 _aWashing
_bI M F
_c2005
300 _a135p
_ccm.
490 _aIt's occasional paper.234
650 _aMonetry Economics
942 _hX61.59D.P, P5/UN
_cGB
_2CC
999 _c658446
_d658446